"Białe" miasta w Polsce - Statystyki

Ogólne statystyki
  • Ten quiz został rozwiązany 262 razy
  • Średni wynik to 7 z 14
Statystyki odpowiedzi
Województwo Populacja Miasto % Poprawnych
Podlaskie 292 058 Białystok
96%
Opolskie 2 261 Biała
95%
Śląskie 166 189 Bielsko-Biała
93%
Lubelskie 54 581 Biała Podlaska
92%
Podlaskie 23 932 Bielsk Podlaski
57%
Zachodniopomorskie 22 561 Białogard
45%
Mazowieckie 6 423 Białobrzegi
34%
Dolnośląskie 28 181 Bielawa
31%
Łódzkie 3 030 Biała Rawska
28%
Warmińsko-mazurskie 3 705 Biała Piska
25%
Zachodniopomorskie 2 089 Biały Bór
22%
Łódzkie 1 068 Białaczów
13%
Podlaskie 8 644 Czarna Białostocka
13%
Podlaskie 5 026 Dąbrowa Białostocka
12%
Nie znaleziono quizów pasujących do podanych kryteriów
Rozkład punktacji
Procent ludzi z każdym wynikiem
Percentyl według liczby udzielonych odpowiedzi
Twoja historia wyników
Nie rozwiązałeś tego quizu